[Event "EU-ch Online U2300 Qual"]
[Site "Chess.com INT"]
[Date "2020.05.25"]
[Round "1"]
[White "Salimova, Nurgyul"]
[Black "Kharitonov, Sergei"]
[Result "1-0"]
[WhiteElo "2372"]
[BlackElo "2127"]
[PlyCount "79"]
[EventDate "2020.05.25"]
[EventType "swiss"]
[EventRounds "8"]
[EventCountry "NET"]
[SourceTitle "EXT 2021"]
[Source "ChessBase"]
[SourceDate "2020.10.23"]
[SourceVersion "1"]
[SourceVersionDate "2020.10.23"]
[SourceQuality "1"]

1. d4 d5 2. c4 c6 3. Nc3 Nf6 4. Nf3 dxc4 5. e4 b5 6. e5 Nd5 7. a4 e6 8. Be2 Be7 9. 0-0 Bb7 10. Ne4 h6 11. b3 cxb3 12. axb5 cxb5 13. Bxb5+ Bc6 14. Qxb3 Qb6 15. Bxc6+ Nxc6 16. Qxb6 Nxb6 17. Ba3 Bxa3 18. Rxa3 Ke7 19. Rc1 Rhc8 20. Nd6 Rc7 21. Rac3 Kd7 22. Nb5 Rcc8 23. Nd6 Rc7 24. Nxf7 a5 25. Nd6 Nd5 26. Ra3 a4 27. Ne4 Ra5 28. Nc5+ Ke7 29. Rxa4 Rxa4 30. Nxa4 Ra7 31. Rxc6 Rxa4 32. h4 Nf4 33. Rc7+ Kf8 34. Rc2 Ra1+ 35. Kh2 Rd1 36. g3 Nd5 37. h5 Rd3 38. Kg2 Rd1 39. Rd2 Ra1 40. Rb2 1-0

[Event "Heraklion Gazi op 12th"]
[Site "Malevizi"]
[Date "2016.08.04"]
[Round "8"]
[White "Moshovakis, Aggelos"]
[Black "Kharitonov, Sergei"]
[Result "1-0"]
[WhiteElo "1933"]
[BlackElo "2159"]
[PlyCount "79"]
[EventDate "2016.07.28"]
[EventType "swiss"]
[EventRounds "9"]
[EventCountry "GRE"]
[SourceTitle "CBM 173 Extra"]
[Source "ChessBase"]
[SourceDate "2016.08.29"]
[SourceVersion "1"]
[SourceVersionDate "2016.08.29"]
[SourceQuality "1"]

1. e4 c5 2. b3 Nc6 3. Bb2 d6 4. Bb5 Qa5 5. Bxc6+ bxc6 6. Ne2 Nf6 7. e5 dxe5 8. Bxe5 c4 9. Bb2 e6 10. 0-0 Be7 11. d3 cxd3 12. Qxd3 0-0 13. c4 Bb7 14. Nbc3 Rfd8 15. Qc2 Qg5 16. Rad1 c5 17. Ng3 Qh4 18. Rxd8+ Rxd8 19. Rd1 Rd4 20. Nce2 Rxd1+ 21. Qxd1 Bc6 22. Qd2 Ne4 23. Qa5 Nxg3 24. Nxg3 Qg4 25. Qxa7 Qd1+ 26. Nf1 Bf8 27. Qa5 Be4 28. Qd2 Qb1 29. Bc1 h6 30. Qb2 Qd3 31. Be3 Be7 32. Nd2 Qe2 33. Qc1 Bc6 34. a4 Bd6 35. a5 Qg4 36. f3 Qh4 37. Nf1 Qd8 38. Qa3 Qe7 39. a6 Qa7 40. Qa5 1-0

[Event "Heraklion Gazi op 12th"]
[Site "Malevizi"]
[Date "2016.08.02"]
[Round "6"]
[White "Betsakos, Konstantinos"]
[Black "Kharitonov, Sergei"]
[Result "0-1"]
[WhiteElo "1874"]
[BlackElo "2159"]
[PlyCount "54"]
[EventDate "2016.07.28"]
[EventType "swiss"]
[EventRounds "9"]
[EventCountry "GRE"]
[SourceTitle "CBM 173 Extra"]
[Source "ChessBase"]
[SourceDate "2016.08.29"]
[SourceVersion "1"]
[SourceVersionDate "2016.08.29"]
[SourceQuality "1"]

1. d4 d5 2. Bf4 Nf6 3. e3 c5 4. c3 Nc6 5. Nd2 a6 6. Bd3 Bg4 7. Ngf3 Nh5 8. Bg3 Nxg3 9. hxg3 e5 10. dxe5 Nxe5 11. Be2 Nc6 12. e4 dxe4 13. Nxe4 Qe7 14. Nfd2 Bf5 15. f3 0-0-0 16. Qc2 g6 17. g4 Be6 18. g5 Bg7 19. 0-0-0 h6 20. f4 hxg5 21. Rxh8 Bxh8 22. fxg5 Bf5 23. Qa4 Rxd2 24. Nxd2 Qxe2 25. Nc4 Be5 26. Nb6+ Kb8 27. Nd5 b5 0-1

[Event "Heraklion Gazi op 12th"]
[Site "Malevizi"]
[Date "2016.08.01"]
[Round "5"]
[White "Kharitonov, Sergei"]
[Black "Atovmian, Artem"]
[Result "1-0"]
[WhiteElo "2159"]
[BlackElo "1743"]
[PlyCount "87"]
[EventDate "2016.07.28"]
[EventType "swiss"]
[EventRounds "9"]
[EventCountry "GRE"]
[SourceTitle "CBM 173 Extra"]
[Source "ChessBase"]
[SourceDate "2016.08.29"]
[SourceVersion "1"]
[SourceVersionDate "2016.08.29"]
[SourceQuality "1"]

1. e4 c6 2. d4 d5 3. Nc3 dxe4 4. Nxe4 Nd7 5. Nf3 Ngf6 6. Ng3 Qc7 7. b3 e6 8. Bb2 Bd6 9. Bd3 0-0 10. Qe2 a5 11. a3 b6 12. Rd1 Re8 13. Ne5 Nd5 14. Bxh7+ Kxh7 15. Qh5+ Kg8 16. Qxf7+ Kh7 17. Qh5+ Kg8 18. Qxe8+ Nf8 19. Ne4 Bxe5 20. dxe5 Bb7 21. Qh5 a4 22. c4 Nf4 23. Qg5 N4g6 24. Nd6 axb3 25. 0-0 Ba6 26. h4 Ne7 27. Rd3 Nf5 28. Rfd1 Bc8 29. Rxb3 Ra5 30. Nxc8 Qxc8 31. Rd8 Qc7 32. Rbd3 Ra7 33. Re8 Qf7 34. Rxf8+ Qxf8 35. Rd8 Qxd8 36. Qxd8+ Kf7 37. h5 b5 38. cxb5 cxb5 39. g4 Ne7 40. g5 g6 41. h6 b4 42. axb4 Ng8 43. h7 Ra1+ 44. Bxa1 1-0

[Event "Heraklion Gazi op 12th"]
[Site "Malevizi"]
[Date "2016.07.29"]
[Round "2"]
[White "Kharitonov, Sergei"]
[Black "Stefanatos, Nikolaos"]
[Result "0-1"]
[WhiteElo "2159"]
[BlackElo "1877"]
[PlyCount "98"]
[EventDate "2016.07.28"]
[EventType "swiss"]
[EventRounds "9"]
[EventCountry "GRE"]
[SourceTitle "CBM 173 Extra"]
[Source "ChessBase"]
[SourceDate "2016.08.29"]
[SourceVersion "1"]
[SourceVersionDate "2016.08.29"]
[SourceQuality "1"]

1. e4 e5 2. Nf3 Nc6 3. Bb5 a6 4. Ba4 Nf6 5. 0-0 Nxe4 6. d4 b5 7. Bb3 d5 8. dxe5 Be6 9. c3 Be7 10. Nbd2 Nc5 11. Bc2 d4 12. Ne4 d3 13. Nxc5 dxc2 14. Qxd8+ Rxd8 15. Nxe6 fxe6 16. Bf4 Rf8 17. Bg3 g5 18. h3 b4 19. Rac1 Rxf3 20. gxf3 Rd2 21. f4 bxc3 22. bxc3 Ba3 23. Kg2 h6 24. fxg5 hxg5 25. h4 gxh4 26. Bf4 Bxc1 27. Rxc1 h3+ 28. Kh2 Rxf2+ 29. Kg3 Re2 30. Kxh3 Nxe5 31. Bxe5 Rxe5 32. Rxc2 Rg5 33. Kh4 Rg7 34. Re2 Kd7 35. Re5 Kd6 36. Ra5 e5 37. Rxa6+ Kd5 38. Ra8 Ke4 39. Re8 Kf4 40. Rf8+ Ke3 41. a4 e4 42. a5 Kd3 43. a6 c5 44. Rb8 Ra7 45. Rc8 Rxa6 46. Rxc5 Re6 47. Rd5+ Kxc3 48. Kg3 e3 49. Rc5+ Kd4 0-1

[Event "Porto Mannu op 7th"]
[Site "Porto Mannu"]
[Date "2015.06.07"]
[Round "2"]
[White "Hjartarson, Johann"]
[Black "Kharitonov, Sergei"]
[Result "1-0"]
[WhiteElo "2535"]
[BlackElo "2107"]
[PlyCount "51"]
[EventDate "2015.06.06"]
[EventType "swiss"]
[EventRounds "9"]
[EventCountry "ITA"]
[SourceTitle "CBM 166 Extra"]
[Source "ChessBase"]
[SourceDate "2015.06.18"]
[SourceVersion "1"]
[SourceVersionDate "2015.06.18"]
[SourceQuality "1"]

1. c4 c6 2. Nf3 Nf6 3. Nc3 d5 4. e3 a6 5. b3 Bg4 6. Be2 Nbd7 7. d4 e6 8. 0-0 Bd6 9. h3 Bh5 10. Bb2 0-0 11. Rc1 Qe7 12. Ne5 Bxe2 13. Nxe2 Rfd8 14. Rc2 Rac8 15. Qc1 c5 16. Nxd7 Qxd7 17. dxc5 Rxc5 18. Bxf6 gxf6 19. cxd5 Rxd5 20. Nc3 Rd3 21. Ne4 Kg7 22. f4 Bb4 23. Qb2 Be7 24. Rf3 Rd1+ 25. Kh2 Qd3 26. Nf2 1-0

[Event "Malmo op U20"]
[Site "Malmo "]
[Date "1999.??.??"]
[Round "4"]
[White "Owczarzak, Jerzy"]
[Black "Kharitonov, Sergei"]
[Result "1/2-1/2"]
[WhiteElo "2194"]
[BlackElo "2201"]
[PlyCount "77"]
[EventDate "1999.??.??"]
[EventType "swiss"]
[EventRounds "9"]
[EventCountry "SWE"]
[SourceTitle "EXT 2002"]
[Source "ChessBase"]
[SourceDate "2001.11.25"]
[SourceVersion "1"]
[SourceVersionDate "2001.11.25"]
[SourceQuality "1"]

1. e4 c5 2. Nf3 d6 3. Bb5+ Bd7 4. a4 Nf6 5. Qe2 Nc6 6. 0-0 g6 7. c3 a6 8. Bc4 Ne5 9. Nxe5 dxe5 10. a5 Bc6 11. d3 Bg7 12. Be3 Nd7 13. Nd2 Qc7 14. b4 Qd6 15. Rab1 cxb4 16. cxb4 Bb5 17. Rfc1 0-0 18. Nb3 Rfc8 19. Bxb5 axb5 20. Nc5 Nxc5 21. Rxc5 Rxc5 22. Bxc5 Qd7 23. g3 Rc8 24. Rb3 Rc6 25. Kg2 h5 26. h4 Kf8 27. d4 exd4 28. Qxb5 Ke8 29. Qd3 e5 30. Bb6 Qc8 31. b5 Rc3 32. Qd1 Bf6 33. Rxc3 dxc3 34. Qc2 Qc4 35. Be3 Kf8 36. a6 bxa6 37. bxa6 Qxa6 38. Qxc3 Kg7 39. Qc2 1/2-1/2

[Event "Petrov Memorial op"]
[Site "St Petersburg"]
[Date "1998.??.??"]
[Round "8"]
[White "Glashev, Yusup"]
[Black "Kharitonov, Sergei"]
[Result "1/2-1/2"]
[WhiteElo "2260"]
[BlackElo "2125"]
[PlyCount "120"]
[EventDate "1998.02.??"]
[EventType "swiss"]
[EventRounds "9"]
[EventCountry "RUS"]
[SourceTitle "EXT 1999"]
[Source "ChessBase"]
[SourceDate "1998.11.16"]
[SourceVersion "1"]
[SourceVersionDate "1998.11.16"]
[SourceQuality "1"]

1. e4 c5 2. Nf3 d6 3. d4 cxd4 4. Nxd4 Nf6 5. Nc3 a6 6. f4 e5 7. Nf3 Qc7 8. Bd3 Nbd7 9. Be3 b5 10. a3 Bb7 11. 0-0 Ng4 12. Bf2 Nxf2 13. Rxf2 Be7 14. Kh1 0-0 15. fxe5 dxe5 16. Ne2 Nc5 17. Ng3 Rfd8 18. Rd2 g6 19. Qe2 Bf8 20. Rf1 Bh6 21. Rdd1 Bf4 22. Qe1 Rd7 23. Ne2 Nxe4 24. Nxf4 exf4 25. Qh4 h5 26. Rde1 Re8 27. Bxe4 Rxe4 28. c3 Rde7 29. Rxe4 Rxe4 30. Qf2 Qe7 31. Nd4 Qe5 32. h3 Kg7 33. Nf3 Qe7 34. Qd2 Re2 35. Qd4+ Qf6 36. Qb4 Be4 37. Kh2 Kh7 38. Qc5 Bxf3 39. Rxf3 Rxb2 40. Qc7 Rc2 41. Rxf4 Rxc3 42. Rxf6 Rxc7 43. Rxa6 Rc3 44. Ra5 Rb3 45. a4 bxa4 46. Rxa4 g5 47. Rc4 Kg6 48. Ra4 Rb1 49. Kg3 Rf1 50. Rb4 h4+ 51. Kh2 f6 52. Rb5 Rf4 53. Ra5 Re4 54. Rb5 Rc4 55. Ra5 Rb4 56. Rc5 Ra4 57. Rb5 Rd4 58. Ra5 Rb4 59. Rc5 Rd4 60. Ra5 Rc4 1/2-1/2

[Event "Petrov Memorial op"]
[Site "St Petersburg"]
[Date "1998.??.??"]
[Round "2"]
[White "Kharitonov, Sergei"]
[Black "Karasev, Vladimir I"]
[Result "0-1"]
[WhiteElo "2125"]
[BlackElo "2370"]
[PlyCount "46"]
[EventDate "1998.02.??"]
[EventType "swiss"]
[EventRounds "9"]
[EventCountry "RUS"]
[SourceTitle "EXT 1999"]
[Source "ChessBase"]
[SourceDate "1998.11.16"]
[SourceVersion "1"]
[SourceVersionDate "1998.11.16"]
[SourceQuality "1"]

1. e4 c5 2. Nf3 e6 3. d4 cxd4 4. Nxd4 a6 5. Bd3 Bc5 6. Nb3 Ba7 7. c4 Nc6 8. 0-0 Nf6 9. Nc3 Qc7 10. Be2 Qe5 11. Nd2 Nd4 12. Bd3 b5 13. Kh1 g5 14. b4 h5 15. Bb2 Ng4 16. g3 Qf6 17. Kg2 Ne5 18. Nb3 bxc4 19. Nxd4 Nxd3 20. Nf5 Nxb2 21. Qd6 Bb7 22. Qc7 exf5 23. Qxb7 Qc6 0-1

[Event "Petrov Memorial op"]
[Site "St Petersburg"]
[Date "1998.??.??"]
[Round "5"]
[White "Kharitonov, Sergei"]
[Black "Kazakov, Vladimir"]
[Result "1/2-1/2"]
[WhiteElo "2125"]
[BlackElo "2320"]
[PlyCount "130"]
[EventDate "1998.02.??"]
[EventType "swiss"]
[EventRounds "9"]
[EventCountry "RUS"]
[SourceTitle "EXT 1999"]
[Source "ChessBase"]
[SourceDate "1998.11.16"]
[SourceVersion "1"]
[SourceVersionDate "1998.11.16"]
[SourceQuality "1"]

1. e4 e5 2. Nf3 Nf6 3. Nxe5 d6 4. Nf3 Nxe4 5. Nc3 Nf6 6. h3 Be7 7. d4 d5 8. Bd3 0-0 9. 0-0 c5 10. dxc5 Bxc5 11. Bg5 Be6 12. Nb5 Nbd7 13. Nbd4 Qb6 14. b3 Kh8 15. Be3 Rae8 16. c3 Ne4 17. Bxe4 dxe4 18. Ng5 Nf6 19. Ngxe6 fxe6 20. b4 Bxd4 21. Bxd4 Qc6 22. Qe2 b6 23. c4 e5 24. Be3 Rd8 25. Rfd1 Rd7 26. Rxd7 Qxd7 27. Rd1 Qc7 28. c5 Rd8 29. Rxd8+ Qxd8 30. Bg5 Qd3 31. Qb2 Qd1+ 32. Kh2 Qd5 33. Bxf6 gxf6 34. Qc3 Qc6 35. Qc4 Kg7 36. a4 bxc5 37. bxc5 Kf8 38. Qb5 Qc7 39. c6 Ke7 40. Qc5+ Ke6 41. h4 f5 42. h5 Qb6 43. Qxb6 axb6 44. g4 fxg4 45. Kg3 Kd6 46. Kxg4 Kxc6 47. Kf5 Kd5 48. h6 Kd4 49. Ke6 Kc4 50. Kxe5 Kb4 51. Kf6 Kxa4 52. Kg7 b5 53. Kxh7 b4 54. Kg6 e3 55. fxe3 b3 56. h7 b2 57. h8Q b1Q+ 58. Kg5 Qg1+ 59. Kf4 Qf2+ 60. Ke4 Qc2+ 61. Kf3 Qd1+ 62. Kf4 Qf1+ 63. Ke4 Qb1+ 64. Kf4 Qf1+ 65. Kg4 Qg1+ 1/2-1/2

[Event "Petrov Memorial op"]
[Site "St Petersburg"]
[Date "1998.??.??"]
[Round "7"]
[White "Kharitonov, Sergei"]
[Black "Rakitskaja, Mariya"]
[Result "1-0"]
[WhiteElo "2125"]
[BlackElo "2160"]
[PlyCount "41"]
[EventDate "1998.02.??"]
[EventType "swiss"]
[EventRounds "9"]
[EventCountry "RUS"]
[SourceTitle "EXT 1999"]
[Source "ChessBase"]
[SourceDate "1998.11.16"]
[SourceVersion "1"]
[SourceVersionDate "1998.11.16"]
[SourceQuality "1"]

1. e4 e5 2. Nf3 Nf6 3. Nxe5 d6 4. Nf3 Nxe4 5. Nc3 Nxc3 6. dxc3 Be7 7. Be3 Bg4 8. h3 Be6 9. Nd4 Qd7 10. Qf3 c6 11. 0-0-0 0-0 12. Bd3 g6 13. Rhe1 Bd5 14. Qg3 Bf6 15. c4 Be5 16. f4 Bxd4 17. Bxd4 Be6 18. Qh4 f6 19. Bxf6 Na6 20. f5 Qf7 21. fxg6 1-0

[Event "RUS-Cup01 Chigorin Memorial"]
[Site "St Petersburg"]
[Date "1997.11.08"]
[Round "8"]
[White "Shour, Janna"]
[Black "Kharitonov, Sergei"]
[Result "1-0"]
[WhiteElo "2165"]
[BlackElo "2100"]
[PlyCount "65"]
[EventDate "1997.11.01"]
[EventType "swiss"]
[EventRounds "9"]
[EventCountry "RUS"]
[SourceTitle "CBM 061 Extra"]
[Source "ChessBase"]
[SourceDate "1998.03.09"]
[SourceVersion "1"]
[SourceVersionDate "1998.03.09"]
[SourceQuality "1"]

1. e4 c5 2. Nf3 d6 3. c3 Nf6 4. Be2 Nc6 5. d4 cxd4 6. cxd4 e6 7. Nc3 Be7 8. 0-0 0-0 9. h3 h6 10. Re1 Re8 11. Bf4 Bf8 12. e5 Nd5 13. Nxd5 exd5 14. Qb3 dxe5 15. dxe5 Na5 16. Qa4 a6 17. Rac1 Be6 18. Nd4 b5 19. Qd1 Qb6 20. Nxe6 fxe6 21. Bd3 Nc4 22. Qg4 g5 23. Bg3 Nxb2 24. Bb1 Bg7 25. h4 Qd8 26. f4 gxh4 27. Bxh4 Qd7 28. Qg6 Kf8 29. f5 exf5 30. Bxf5 Qa7+ 31. Kh1 Nc4 32. Rf1 Nxe5 33. Be6+ 1-0

[Event "RUS-Cup01 Chigorin Memorial"]
[Site "St Petersburg"]
[Date "1997.11.06"]
[Round "6"]
[White "Kharitonov, Sergei"]
[Black "Vunder, Andrei"]
[Result "0-1"]
[WhiteElo "2100"]
[BlackElo "2315"]
[PlyCount "62"]
[EventDate "1997.11.01"]
[EventType "swiss"]
[EventRounds "9"]
[EventCountry "RUS"]
[SourceTitle "CBM 061 Extra"]
[Source "ChessBase"]
[SourceDate "1998.03.09"]
[SourceVersion "1"]
[SourceVersionDate "1998.03.09"]
[SourceQuality "1"]

1. e4 e6 2. d4 d5 3. Nc3 Nf6 4. e5 Nfd7 5. f4 c5 6. Nf3 Nc6 7. Be3 a6 8. Qd2 b5 9. Qf2 Qa5 10. Bd2 b4 11. Ne2 Qb6 12. Be3 a5 13. dxc5 Bxc5 14. Bxc5 Nxc5 15. Ned4 Ne4 16. Qe3 Ba6 17. Bd3 Nxd4 18. Nxd4 0-0 19. 0-0 a4 20. Rad1 a3 21. bxa3 Nc3 22. Rde1 Bxd3 23. cxd3 Rxa3 24. Nc2 Qxe3+ 25. Rxe3 Ra4 26. d4 Nxa2 27. Ra1 Rfa8 28. Rb3 Kf8 29. Rab1 Nc3 30. R1b2 Ne2+ 31. Kf2 Nc1 0-1

[Event "RUS-Cup01 Chigorin Memorial"]
[Site "St Petersburg"]
[Date "1997.11.04"]
[Round "4"]
[White "Kharitonov, Sergei"]
[Black "Shariyazdanov, Andrey"]
[Result "0-1"]
[WhiteElo "2100"]
[BlackElo "2465"]
[PlyCount "90"]
[EventDate "1997.11.01"]
[EventType "swiss"]
[EventRounds "9"]
[EventCountry "RUS"]
[SourceTitle "CBM 061 Extra"]
[Source "ChessBase"]
[SourceDate "1998.03.09"]
[SourceVersion "1"]
[SourceVersionDate "1998.03.09"]
[SourceQuality "1"]

1. e4 c5 2. Nf3 Nc6 3. d4 cxd4 4. Nxd4 Nf6 5. Nc3 e5 6. Ndb5 d6 7. Bg5 a6 8. Na3 b5 9. Nd5 Be7 10. Bxf6 Bxf6 11. c3 Ne7 12. Nxf6+ gxf6 13. Bd3 d5 14. exd5 Qxd5 15. f3 Qc5 16. Qd2 Be6 17. Qf2 Qxf2+ 18. Kxf2 0-0-0 19. Rhd1 Rd7 20. b3 Rhd8 21. Be2 f5 22. Rxd7 Rxd7 23. Rd1 Rxd1 24. Bxd1 Nd5 25. Nb1 Kc7 26. Be2 Nb6 27. Ke1 Kc6 28. Kd2 f4 29. Na3 Kc5 30. Nc2 f5 31. Bd3 h5 32. g3 fxg3 33. hxg3 Kd6 34. Ne3 f4 35. gxf4 exf4 36. Ng2 Ke5 37. Nh4 Kf6 38. Ke2 Kg5 39. Ng2 h4 40. Ne1 Nd5 41. c4 bxc4 42. Bxc4 h3 43. Kf2 Ne3 44. Bf1 Bf5 45. Kg1 h2+ 0-1

[Event "RUS-Cup01 Chigorin Memorial"]
[Site "St Petersburg"]
[Date "1997.11.03"]
[Round "3"]
[White "Kharitonov, Sergei"]
[Black "Bets, Anatolij"]
[Result "1-0"]
[WhiteElo "2100"]
[BlackElo "2350"]
[PlyCount "87"]
[EventDate "1997.11.01"]
[EventType "swiss"]
[EventRounds "9"]
[EventCountry "RUS"]
[SourceTitle "CBM 061 Extra"]
[Source "ChessBase"]
[SourceDate "1998.03.09"]
[SourceVersion "1"]
[SourceVersionDate "1998.03.09"]
[SourceQuality "1"]

1. e4 c5 2. Nf3 Nc6 3. d4 cxd4 4. Nxd4 Nf6 5. Nc3 d6 6. Be3 e6 7. f4 Be7 8. Qf3 Qc7 9. g4 a6 10. g5 Nd7 11. 0-0-0 0-0 12. Rg1 Re8 13. h4 Nxd4 14. Bxd4 b5 15. Bd3 Bb7 16. f5 Ne5 17. Qe3 exf5 18. exf5 Nf3 19. Qf4 Nxg1 20. Rxg1 Bf8 21. g6 f6 22. gxh7+ Kh8 23. Qg4 Qf7 24. Ne2 Rxe2 25. Qxe2 Re8 26. Qg4 Kxh7 27. b3 d5 28. Kb2 Bd6 29. h5 Be5 30. c3 Bd6 31. Qh4 Be5 32. h6 gxh6 33. Rg6 Qf8 34. Bxe5 fxe5 35. f6 e4 36. Rg7+ Qxg7 37. fxg7 exd3 38. Qf6 Rg8 39. Qf5+ Kxg7 40. Qd7+ Kh8 41. Qxb7 Rg6 42. Qxd5 Kg7 43. c4 bxc4 44. bxc4 1-0

[Event "RUS-Cup9"]
[Site "Novgorod"]
[Date "1997.06.20"]
[Round "8"]
[White "Kharitonov, Sergei"]
[Black "Nadjezhdin, Dmitry"]
[Result "0-1"]
[WhiteElo "2090"]
[BlackElo "2210"]
[PlyCount "73"]
[EventDate "1997.06.11"]
[EventType "swiss"]
[EventRounds "9"]
[EventCountry "RUS"]
[SourceTitle "CBM 060"]
[Source "ChessBase"]
[SourceDate "1997.09.29"]
[SourceVersion "1"]
[SourceVersionDate "1997.09.29"]
[SourceQuality "1"]

1. e4 c5 2. Nf3 e6 3. d4 cxd4 4. Nxd4 Nc6 5. Nc3 a6 6. Be3 Nge7 7. Nb3 Na5 8. Na4 Nec6 9. Bb6 Qh4 10. Bd3 Nxb3 11. axb3 Be7 12. 0-0 0-0 13. f4 d6 14. Qd2 e5 15. f5 Nd4 16. Bxd4 exd4 17. Nb6 Rb8 18. Nd5 Bd7 19. Rf4 Bg5 20. Rxh4 Bxd2 21. Rd1 Ba5 22. Rf1 Bd8 23. f6 g6 24. g4 Be6 25. g5 Bxd5 26. exd5 Re8 27. Kg2 Re5 28. Kh3 Rxg5 29. Rxd4 Re5 30. c4 Bb6 31. Re4 Rbe8 32. Rfe1 Rxe4 33. Rxe4 Rxe4 34. Bxe4 a5 35. Kg4 h6 36. Kf4 Bd4 37. Bf3 0-1

[Event "RUS-ch U16"]
[Site "Kazan"]
[Date "1997.??.??"]
[Round "2"]
[White "Yastrebov, Aleksandr"]
[Black "Kharitonov, Sergei"]
[Result "1/2-1/2"]
[WhiteElo "2355"]
[BlackElo "2090"]
[PlyCount "65"]
[EventDate "1997.??.??"]
[EventType "swiss"]
[EventRounds "9"]
[EventCountry "RUS"]
[SourceTitle "EXT 2000"]
[Source "ChessBase"]
[SourceDate "1999.11.16"]
[SourceVersion "1"]
[SourceVersionDate "1999.11.16"]
[SourceQuality "1"]

1. d4 d5 2. Nf3 Nf6 3. Bf4 e6 4. e3 Bd6 5. Ne5 0-0 6. Nd2 c5 7. c3 Qb6 8. Nec4 dxc4 9. Nxc4 Qc6 10. Bxd6 Re8 11. Bxc5 b6 12. Bd6 b5 13. Bxb8 bxc4 14. Bg3 Bb7 15. f3 Nh5 16. Bf2 e5 17. Be2 exd4 18. cxd4 c3 19. Qc2 cxb2 20. Qxb2 Nf4 21. exf4 Ba6 22. 0-0 Rxe2 23. Qa3 Bc4 24. Rfe1 Rxe1+ 25. Rxe1 a6 26. Qb2 h6 27. Qc3 Rc8 28. a3 Qd6 29. Qe3 Bb5 30. Rd1 Bc6 31. Be1 Re8 32. Bb4 Qd5 33. Qd2 1/2-1/2